JAK VZNIKALY A CO SE KOLEM NICH DĚLO

Bibliographic Details
Main Author: Pecharová, Marie (Author)
Format: Article
Language:Czech

MARC

LEADER 00000nab a2200000uu 4500
001 vtls011506060
003 SK-MaSNL
005 20260303094220.0
008 211119|1963 xo |||||||||||||||||cze|
015 |a SNBRB 
035 |a (urnnbn)urn:nbn:sk:snk:ar-a0ap6m 
035 |a (uuid)7fa3c0ce-7091-4081-926e-a21ca8917c42 
035 |a urn:nbn:sk:snk-abdzbz 
040 |a SNKBUCL  |b slo  |c SNKBUCL  |e AACR2 
041 0 |a cze 
044 |a xo  |c SK 
100 1 |a Pecharová, Marie  |4 aut  |9 1106264 
245 1 0 |a JAK VZNIKALY A CO SE KOLEM NICH DĚLO  |c Marie Pecharová 
773 0 |t Zlatý máj : kritická revue tvorby pro mládež  |g Roč. 7, č. 3 (1963), s. 140-141 
958 |a OND 
958 |a article20 
999 |c 1819421  |d 1821351